[Event "Toulouse Lardenne op 2nd"]
[Site "Toulouse"]
[Date "2014.05.18"]
[Round "1"]
[White "Daloz, Mateo"]
[Black "Mouret, Arnaud"]
[Result "1/2-1/2"]
[WhiteElo "1236"]
[BlackElo "1497"]
[PlyCount "51"]
[EventDate "2014.05.17"]
[EventType "swiss"]
[EventRounds "6"]
[EventCountry "FRA"]
[SourceTitle "EXT 2015"]
[Source "ChessBase"]
[SourceDate "2014.11.20"]
[SourceVersion "1"]
[SourceVersionDate "2014.11.20"]
[SourceQuality "1"]

1. c4 e5 2. Nc3 Bc5 3. g3 d6 4. Bg2 Nf6 5. e3 Nc6 6. Nge2 0-0 7. 0-0 Re8 8. d4 exd4 9. Nxd4 Bxd4 10. Bxc6 bxc6 11. Qxd4 c5 12. Qd2 Bb7 13. b3 Bf3 14. Bb2 Qd7 15. Nd5 Qh3 16. Nf4 Qh6 17. Qc3 Ne4 18. Qd3 g5 19. Ng2 Bxg2 20. Kxg2 g4 21. Qd5 Rad8 22. Qf5 Qh3+ 23. Kg1 Re6 24. f3 Rh6 25. Qxg4+ Qxg4 26. fxg4 1/2-1/2